000 00977nam a22002537a 4500
005 20170124103014.0
010 _aA-582654
020 _c40.00
035 _aA-582654
037 _bCen Lib/Ret
040 _aDPL
_bHN
082 _a
_bमित्रवि
100 _aमित्र, विमल
_958591
245 _aराग भैरव /
_cविमल मित्र
246 _aRaag bhairav /
_bby Vimal Mitra
260 _aदिल्ली
_bसन्मार्ग प्रकाशन
_c1992
270 _bदिल्ली
_a16 यू.बी.बैंगलो रोड, जवाहर नगर
_e110007
300 _a123पृ.
_c17सेमी (सजिल्द)
650 _aहिन्दी -- साहित्य
_958592
650 _aहिन्दी -- उपन्यास
_958593
650 _aHindi -- Literature
_958594
650 _aHindi -- Fiction
_927248
942 _2ddc
_cHN
_h
_mमित्रवि
999 _c114836
_d114836